| 000 | 00822nam a22001815i 4500 | ||
|---|---|---|---|
| 001 | 161000 | ||
| 003 | ES-MaACL | ||
| 005 | 20250823063120.0 | ||
| 008 | 010831s1850 sp |||| | spa d | ||
| 040 |
_aAR _bspa _cAR |
||
| 100 | 1 |
_aOlona, Luis, _d1823-1863 _9130645 |
|
| 245 | 1 | 0 |
_aPipo o El príncipe de Monte-Cresta _b: drama cómico en dos actos / _carreglado del francés por Luis Olona. |
| 260 |
_aMadrid : _b[Círculo Literario comercial], _c1850 ( _fImp. de S. Omaña) |
||
| 300 |
_a49 p. ; _c19 cm. |
||
| 500 | _aEn port.: Representada en el Teatro del Drama el 24 de diciembre de 1850. | ||
| 852 |
_aES-MaACL _jF-8615(3) _z-- Enc. pasta española _q-- Falto de la cub. original _zEnc. en un vol. facticio formando parte de la col. facticia "Teatro español moderno", vol. 70 |
||
| 999 |
_c161000 _d161000 |
||